相模鉄道の駅スリーヒントクイズ - Statistics

General Stats
  • This quiz has been taken 70 times
  • The average score is 5 of 7
Answer Stats
ヒント1 ヒント2 ヒント3 駅名 % Correct
駅名と区名が一致 2027国際園芸博覧会最寄り駅 特急通過駅 瀬谷
93%
当駅始発・終着の電車がある 2面4線 海老名市にある かしわ台
90%
1日平均乗降客数第5位(2023) 「白糸の滝」最寄り駅 特急通過駅 鶴ヶ峰
74%
特急停車駅の中で1日乗降客数最少(2023) 相鉄ライフがある 開業当時は終着駅であった いずみ野
74%
隣駅までの距離は相鉄最長 改札口が1つしかない 特急停車駅 羽沢横浜国大
71%
厚木海軍飛行場最寄り駅 コストコまで1.2km程度と至近 特急通過駅 さがみ野
67%
海老名寄りの次の駅までの間に踏切が8つある 駅前にすぐスーパー銭湯 改札内にコインロッカーがある 上星川
52%
No matching quizzes found
Score Distribution
Percent of People with Each Score
Percentile by Number Answered
Your Score History
You have not taken this quiz